000 00429nam a2200181Ia 4500
001 12750
005 20260306163004.0
008 260306t1996||||xx |||||||||||||| ||spa||
041 _aESP
082 _a150.3
_bO46
100 _aOlortegui Miranda, Felipe
_eAUT
245 0 _aDiccionario de PsicologĂ­a
260 _c1996
300 _a631 páginas :
_c21 cm.
650 _aGEN
654 _aCPS
942 _cDIC
_dJUS
_fJUS
_2ddc
_n
999 _c12750
_d12750